Ruas que passam pela Av. NS Copacabana - Statistics

Estatísticas Gerais
  • Esse quiz foi jogado 45 vezes
  • A pontuação média é 13 de 33
Estatísticas das Respostas
Hint Resposta % Correto
Concorrente Siqueira Campos
83%
Concorrente Princesa Isabel
75%
Concorrente República do Peru
67%
Concorrente Sá Ferreira
54%
Concorrente Duvivier
50%
Concorrente Hilário de Gouveia
50%
Concorrente Xavier da Silveira
50%
Concorrente Bolívar
46%
Concorrente Francisco Otaviano
46%
Concorrente Prado Júnior
46%
Concorrente Rainha Elisabeth
46%
Concorrente Ronald de Carvalho
46%
Concorrente Santa Clara
46%
Concorrente Rodolfo Dantas
42%
Concorrente Barão de Ipanema
38%
Concorrente Constante Ramos
38%
Concorrente Djalma Ulrich
38%
Concorrente Joaquim Nabuco
38%
Parte de (pedestres) Dias da Rocha
33%
Concorrente Francisco Sá
33%
Concorrente Miguel Lemos
33%
Parte de Inhangá
29%
Concorrente Júlio de Castilhos
29%
Concorrente Paula Freitas
25%
Parte de Raimundo Corrêa
25%
Concorrente Souza Lima
25%
Parte de Almirante Gonçalves
21%
Concorrente Belfort Roxo
21%
Parte de Fernando Mendes
21%
Concorrente Figueiredo de Magalhães
21%
Parte de (Copa/Leme) Roberto Dias Lopes
17%
Parte de Travessa Angrense
13%
Parte de (Leme) Antônio Vieira
8%
Nenhum quiz correspondente encontrado
Distribuição das Pontuações
Porcentagem de Pessoas com Cada Pontuação
Percentil de Números Respondidos
Sua Pontuação Histórica
Você não jogou esse quiz